000 00461nam a2200169 i 4500
001 28634
003 ES-MaACL
005 20240421063011.0
007 t|
008 030117s1971 sp ||||1| spa d
100 1 _aAzúa, Félix de,
_d1944-
_924368
245 1 0 _aEdgar en Stephane /
_cFélix de Azúa.
260 _a[Barcelona :
_bLumen,
_c1971]
300 _a85 p. ;
_c19 cm.
852 _aES-MaACL
_jC-41603
_bR.79741
999 _c28634
_d28634